[Event "Hamburg-ch MB"]
[Site "Hamburg"]
[Date "2019.06.12"]
[Round "5"]
[White "Schwarzman, Isja"]
[Black "Von Elsner, Mathias"]
[Result "0-1"]
[WhiteElo "1910"]
[BlackElo "1816"]
[PlyCount "54"]
[EventDate "2019.06.08"]
[EventType "swiss"]
[EventRounds "9"]
[EventCountry "GER"]
[SourceTitle "EXT 2022"]
[Source "ChessBase"]
[SourceDate "2021.10.06"]
[SourceVersion "1"]
[SourceVersionDate "2021.10.06"]
[SourceQuality "1"]

1. e4 c6 2. d3 d5 3. Nd2 e5 4. Ngf3 Bd6 5. g3 Nf6 6. Bg2 0-0 7. 0-0 Re8 8. Re1 a5 9. Nf1 Qc7 10. c3 Nbd7 11. Bg5 h6 12. Bd2 dxe4 13. dxe4 Nc5 14. Qc2 a4 15. h3 Be6 16. g4 Bc4 17. Ng3 Bd3 18. Qc1 Ne6 19. Bxh6 Bf8 20. Bg5 Nxg5 21. Nxg5 g6 22. Qe3 Bc4 23. Nf3 Rad8 24. Bf1 Be6 25. Qg5 Nh7 26. Qxe5 Bd6 27. Qd4 Bxg3 0-1